| 000 | 00493nam a22001697a 4500 | ||
|---|---|---|---|
| 003 | OSt | ||
| 005 | 20140310181802.0 | ||
| 008 | 130703t xxu||||| |||| 00| 0 eng d | ||
| 020 | _a0198539207 | ||
| 050 |
_aT 11.094 _b.Ox98 1991 |
||
| 082 |
_aREF 808.06 _bOx2 1991 |
||
| 245 |
_aThe Oxford Dictionary for scientific writers and editors / _cIsaacs, Allan, BSc,Ph D (editor) |
||
| 260 |
_aOxford : _bClarendon Press, _cc1991. |
||
| 300 |
_a389 p. : _c20 cm. |
||
| 942 |
_2lcc _cBK |
||
| 999 |
_c3663 _d3663 |
||